| 000 | 00874cad a22002175a 4500 | ||
|---|---|---|---|
| 001 | E150202 | ||
| 008 | 100611s2006 xxk f 000 0 eng d | ||
| 020 | _a9780717661822 | ||
| 035 | _a(Sirsi) u150202 | ||
| 041 | 0 | _aeng | |
| 110 | 2 |
_aGreat Britain _bHealth and Safety Executive |
|
| 245 | 0 | 0 |
_aHealth and safety in construction _h[electronic resource] |
| 250 | _a3rd ed. | ||
| 260 |
_aHSE _c2006 |
||
| 490 | 0 |
_aHSE Health and Safety Guidance _v(HSG150) |
|
| 520 | _aSets out how to make construction sites safe, including explaining how to identify hazards; how to control risks; and how to plan, monitor and review health and safety throughout a project's life. | ||
| 651 | 4 |
_aGreat Britain _y1707- |
|
| 690 |
_aHealth and safety _96244 |
||
| 856 | 4 | 0 |
_uhttps://www.hse.gov.uk/pubns/priced/hsg150.pdf _zView the guidance free of charge at www.hse.gov.uk |
| 942 | _n0 | ||
| 999 |
_c110789 _d110789 |
||